El último romántico. El pensamiento de Mario Góngora.
Sparad:
| Huvudupphovsman: | |
|---|---|
| Materialtyp: | Okänd |
| Språk: | engelska |
| Publicerad: |
Santiago, Chile:
Crítica,
2023.
|
| Upplaga: | Segunda edición. |
| Ämnen: | |
| Taggar: |
Lägg till en tagg
Inga taggar, Lägg till första taggen!
|
MARC
| LEADER | 00000 a2200000 4500 | ||
|---|---|---|---|
| 003 | CL-VaPUC | ||
| 005 | 20240104155746.0 | ||
| 008 | 231219t2023 ||||| |||| 00| 0 eng d | ||
| 999 | |c 442578 |d 442576 | ||
| 020 | |a 978-956-9993-29-9 | ||
| 040 | |c Pontificia Universidad Católica de Valparaíso | ||
| 082 | |2 22 |a 928.61 GON 2023 | ||
| 100 | |a Herrera, Hugo E. |9 886157 |e autor | ||
| 245 | |a El último romántico. |b El pensamiento de Mario Góngora. | ||
| 250 | |a Segunda edición. | ||
| 260 | |a Santiago, Chile: |b Crítica, |c 2023. | ||
| 300 | |a 227 páginas. | ||
| 583 | |k GC |c 20231219 | ||
| 600 | 0 | |9 882749 |a Góngora del Campo, Mario, |d 1915-1985 |v Crítica e interpretación |x Historiador chileno | |
| 600 | 0 | |9 882749 |a Góngora del Campo, Mario, |d 1915-1985 |v Pensamiento jurídico, político y filosófico | |
| 942 | |2 ddc |c BK | ||
| 952 | |0 0 |1 0 |2 ddc |4 0 |6 928_610000000000000_GON_2023 |7 0 |8 A |9 592892 |a BIBGIM |b BIBGIM |c GEN |d 2023-12-19 |e 189 |g 14925.00 |i 5659889 |l 1 |o 928.61 GON 2023 |p 5659889 |r 2025-01-15 |s 2024-03-14 |t 1 |v 14925.00 |w 2023-12-19 |y BK |k SSL | ||